000 00838cab a2200241 4500
001 ABS57506
008 090401t1997 xxu||||| |||| 00| 0 eng d
035 _a(Sirsi) u80532
041 _aeng
100 _aKim, S
245 _aOrganisation and managerial environment of the Korean construction industry
260 _c1997
350 _a0
490 _aConstruction Management & Economics
_v15(5) 1997, 409-419(11)
520 _aExplores the organisation of the Korean Construction industry and management of construction contractors. Identifying the problems they face and how these problems have been caused. References.
650 _aCONSTRUCTION INDUSTRY
650 _aKOREA
650 _aMANAGEMENT
650 _aORGANISATION STRUCTURE
690 _aOVERSEAS-REST OF THE WORLD
942 _n0
948 _c28/08/1997
999 _c50706
_d50706